00503 2200169 4500245004000000020002200040250001100062100001500073650001700088005001900105260003900124041001400163084000800177300003000185500010900215336000900324 aTeman Empat MusimcIda AhdiahhText a978-979-1227-96-4 aCet. 1 aIda Ahdiah aNovel Remaja a20231005110407 aYogyakartabPenerbit Bentangc2010 aIndonesia a813 avii, 243 hlm. :c20.5 cm. aAku memilih menghabiskan mas tuaku disini untuk menemani mereka, anak-anak musim panasku, kata Lakeesha. atext